| 000 | 00504nam a22001937a 4500 | ||
|---|---|---|---|
| 003 | OSt | ||
| 005 | 20140310182826.0 | ||
| 008 | 130529t xxu||||| |||| 00| 0 eng d | ||
| 050 |
_aBT 825 _b.T433 1977 |
||
| 082 |
_aM 291.23 _bT34 1977 |
||
| 245 |
_aDying grace _cThieme, Jr., R.B. |
||
| 260 |
_aHouston, Texas _bBerachah Tapes and Publications _cc1977 |
||
| 300 |
_av, 39 p. _c19 cm. |
||
| 521 | _aCollege students | ||
| 526 | _c1210L-1700L | ||
| 541 | _j1 | ||
| 562 | _e1 | ||
| 942 |
_2lcc _cBK _kM |
||
| 999 |
_c16511 _d16511 |
||